000 01027nam a2200265 a 4500
001 42305
003 BD-RjUL
005 20211209053524.0
008 160611r19681964enk 001 0 eng d
035 _a(BD-RjUL)42423
040 _aBD-RjUL
_beng
_cBD-RjUL
_dBD-RjUL
041 _aeng
082 _a328.42072
_223
_bBRH 1968
100 1 _aBrooke, John
_9130097
245 1 4 _aThe House of Commons, 1754-1790 :
_bintroductory survey /
_cby John Brooke.
260 _aOxford University Press :
_bLondon,
_c1968, c1964.
300 _aviii, 312 p. ;
_c21 cm.
490 1 _aHistory of Parliament
490 0 _aOxford University Press paperback ;
_v147
500 _aFirst published as: The history of Parliament : the House of Commons, 1754-1790. Vol 1 / edited by Lewis Namier and John Brooke. HMSO, 1964. Includes index.
610 1 0 _aGreat Britain.
_bParliament.
_bHouse of Commons
_9130101
650 0 _aLegislators
_zGreat Britain
_xHistory
_y18th century.
_9130099
830 0 _aHistory of Parliament
_9130100
942 _2ddc
_cBK
999 _c42305
_d42305